LEADER 01868nam 2200601Ia 450 001 9910451980203321 005 20200520144314.0 010 $a1-281-92344-3 010 $a9786611923440 010 $a1-59095-821-7 035 $a(CKB)1000000000484872 035 $a(OCoLC)646784705 035 $a(CaPaEBR)ebrary10266332 035 $a(SSID)ssj0000190385 035 $a(PQKBManifestationID)11189211 035 $a(PQKBTitleCode)TC0000190385 035 $a(PQKBWorkID)10166255 035 $a(PQKB)10592078 035 $a(MiAaPQ)EBC3410622 035 $a(Au-PeEL)EBL3410622 035 $a(CaPaEBR)ebr10266332 035 $a(CaONFJC)MIL192344 035 $a(EXLCZ)991000000000484872 100 $a20071107d2007 uy 0 101 0 $aeng 135 $aurcn||||||||| 181 $ctxt 182 $cc 183 $acr 200 10$aLearn Library of Congress subject access$b[electronic resource] /$fby Jacki Ganendran, Lynn Farkas 205 $a2nd North American ed. 210 $aFriendswood, Tex. $cTotalRecall Publications$d2007 215 $a1 online resource (119 p.) 225 1 $aLibrary education series 300 $aBibliographic Level Mode of Issuance: Monograph 311 $a1-59095-809-8 320 $aIncludes bibliographical references (p. [115]) and index. 410 0$aLibrary education series. 606 $aSubject headings, Library of Congress 606 $aSubject cataloging 608 $aElectronic books. 615 0$aSubject headings, Library of Congress. 615 0$aSubject cataloging. 676 $a025.49 700 $aGanendran$b Jacki$0940189 701 $aFarkas$b Lynn$0940190 801 0$bMiAaPQ 801 1$bMiAaPQ 801 2$bMiAaPQ 906 $aBOOK 912 $a9910451980203321 996 $aLearn Library of Congress subject access$92120031 997 $aUNINA LEADER 04347nam 22008775 450 001 9910298296703321 005 20230810184231.0 010 $a9783319148304 010 $a3-319-14829-X 024 7 $a10.1007/978-3-319-14830-4 035 $a(CKB)3710000000356802 035 $a(EBL)1973979 035 $a(SSID)ssj0001451857 035 $a(PQKBManifestationID)11801455 035 $a(PQKBTitleCode)TC0001451857 035 $a(PQKBWorkID)11478965 035 $a(PQKB)10121501 035 $a(DE-He213)978-3-319-14830-4 035 $a(MiAaPQ)EBC1973979 035 $a(PPN)184497086 035 $a(EXLCZ)993710000000356802 100 $a20150211d2015 u| 0 101 0 $aeng 135 $aur|n|---||||| 181 $ctxt 182 $cc 183 $acr 200 10$aNutrition, Exercise and Epigenetics: Ageing Interventions /$fedited by Byung Pal Yu 205 $a1st ed. 2015. 210 1$aCham :$cSpringer International Publishing :$cImprint: Springer,$d2015. 215 $a1 online resource (279 p.) 225 1 $aHealthy Ageing and Longevity,$x2199-9015 ;$v2 300 $aDescription based upon print version of record. 311 08$aPrint version: Nutrition, exercise and epigenetics : ageing interventions. Cham, Switzerland : Springer, c2015 vii, 278 pages Healthy ageing and longevity ; Volume 2. 9783319148298 2014960037 320 $aIncludes bibliographical references at the end of each chapters and index. 327 $aPreface -- Epigenetics and Nutrition -- Calorie restriction as a potent epigenetic modifier -- Anti-inflammatory action of calorie restriction for aging intervention -- Hormonal influence and modulation on aging -- Epigenetic modification by exercise -- Physiological bases and underlying mechanisms of exercise -- Sarcopenia and its intervention -- Nutritional impacts on osteopenia and osteoporosis -- Nutritional interventions for cardiac aging and age-related cardiovascular diseases -- Nutritional influence on aging brain -- Mechanistic bases of calorie restriction mimetics -- Lessons learned from calorie restricted non-human primate research. 330 $aThis book focuses on the three most important aspects of ageing research: nutrition, physical exercise and epigenetics. The contributors discuss ways that age-related epigenetic imprints such as DNA methylation and histone acetylation are modified by these two interventions. The emphasis on epigenetics helps to illuminate the underlying mechanisms of anti-ageing interventions, as ageing and disease are predominately epigenetic phenomena. Among the highlights are chapter-length discussion of such topics as:  how anti-inflammatory action of calorie restriction underlies the retardation of ageing and age-related diseases (Chapter 3); epigenetic modification of gene expression by exercise (Chapter 5); the role of functional foods and their bioactive components in bone health (Chapter 8); and an account of the first decade of a study of calorie restriction in nonhuman primates, conducted by the National Institute on Ageing.  . 410 0$aHealthy Ageing and Longevity,$x2199-9015 ;$v2 606 $aMedicine$xResearch 606 $aBiology$xResearch 606 $aGeriatrics 606 $aCytology 606 $aNutrition 606 $aAging 606 $aPost-translational modification 606 $aBiomedical Research 606 $aGeriatrics 606 $aCell Biology 606 $aNutrition 606 $aAgeing 606 $aPost-translational Modifications 615 0$aMedicine$xResearch. 615 0$aBiology$xResearch. 615 0$aGeriatrics. 615 0$aCytology. 615 0$aNutrition. 615 0$aAging. 615 0$aPost-translational modification. 615 14$aBiomedical Research. 615 24$aGeriatrics. 615 24$aCell Biology. 615 24$aNutrition. 615 24$aAgeing. 615 24$aPost-translational Modifications. 676 $a305.26 676 $a571.6 676 $a572.6 676 $a610 676 $a612.67 676 $a616.2 676 $a618.97 702 $aYu$b Byung Pal$4edt$4http://id.loc.gov/vocabulary/relators/edt 906 $aBOOK 912 $a9910298296703321 996 $aNutrition, Exercise and Epigenetics: Ageing Interventions$92508866 997 $aUNINA